Statistiques concernant Devine le footballeur a partir des transferts #4 SPECIAL JEUNES STARS

Cliquez ici pour prendre le quiz!

Statistiques générales

  • Ce quiz a été pris 375 fois
  • Le résultat moyen est 5 sur 8

Statistiques - réponses

Réponse% Correct
Xavi Simons
89%
Warren Zaïre-Emery
81%
Endrick
76%
Jobe Bellingham
74%
Lamine Yamal
69%
Rasmus Højlund
67%
Francesco Camarda
24%
Albert Tjåland
2%

Distribution des résultats

Percentile par nombre de réponses

% des personnes avec chaque résultat

Votre développement - résultats

Vous n’avez pas pris ce quiz